00397nam a2200157Ia 4500008004100000020001500041082001700056100001300073245004300086250000800129260002900137300001600166500002400182650001500206700001800221230524s9999 xx 000 0 und d a8121922943 a657.155bJAI aP.C.Jain 0aConsumer Behaviour : In Indian Context aIST aNEW DELHIbS.Chandc2008 aXXVII;16.25 aQuantity Number: 3 aManagement a Monika Bhatt